The science and ethics of engineering the human germ line : Mendel's maze
Đã lưu trong:
| Tác giả chính: | |
|---|---|
| Định dạng: | Sách |
| Ngôn ngữ: | Undetermined |
| Được phát hành: |
New Jersey
Wiley-Liss
2003
|
| Những chủ đề: | |
| Các nhãn: |
Thêm thẻ
Không có thẻ, Là người đầu tiên thẻ bản ghi này!
|
| Thư viện lưu trữ: | Trung tâm Học liệu Trường Đại học Cần Thơ |
|---|
| LEADER | 00626nam a2200217Ia 4500 | ||
|---|---|---|---|
| 001 | CTU_131000 | ||
| 008 | 210402s9999 xx 000 0 und d | ||
| 020 | |c 69.95 | ||
| 082 | |a 660.65 | ||
| 082 | |b G665 | ||
| 100 | |a Gordon, Jon W. | ||
| 245 | 4 | |a The science and ethics of engineering the human germ line : | |
| 245 | 0 | |b Mendel's maze | |
| 245 | 0 | |c Jon W. Gordon | |
| 260 | |a New Jersey | ||
| 260 | |b Wiley-Liss | ||
| 260 | |c 2003 | ||
| 650 | |a Genetic engineering,Hunman reproductive technology | ||
| 650 | |x Popular works,Popular works | ||
| 904 | |i Giang | ||
| 980 | |a Trung tâm Học liệu Trường Đại học Cần Thơ | ||